000 00494ntaaa2200193 4500
003 01
005 20251027201603.0
008 0714s1973 ag 01
040 _aAR-BaBN
_bspa
_cAR-BaBN
_eaacr
_dRIC
082 _a230.0000 R17
100 _aRamsey, Arthur Michael
_914499
245 _aIntroducing the Christian Faith
250 _a1 ed.
260 _aLondon :
_bSCM Press Ltd.,
_cc1961
300 _a95 p.
500 _adoctrina cristiana
650 _aDoctrina Cristiana
_9648
942 _cBK
999 _c10469
_d10469